[Event "EU-ch 13th"]
[Site "Plovdiv"]
[Date "2012.03.24"]
[Round "5"]
[White "Vuckovic, Bojan"]
[Black "Kabanov, Nikolai"]
[Result "1-0"]
[WhiteElo "2628"]
[BlackElo "2502"]
[Annotator "Kritz,L"]
[PlyCount "131"]
[EventDate "2012.03.20"]
[EventType "swiss"]
[EventRounds "11"]
[EventCountry "BUL"]
[SourceTitle "CBM 148"]
[Source "ChessBase"]
[SourceDate "2012.05.16"]
[SourceVersion "1"]
[SourceVersionDate "2012.05.16"]
[SourceQuality "1"]

1. e4 e5 2. Nf3 Nc6 3. Bb5 Nf6 4. O-O (4. d3 Bc5 5. O-O O-O 6. c3 d6 $11) (4.
Qe2 Bc5 5. c3 O-O 6. O-O Re8 $11) 4... Nxe4 5. d4 Nd6 6. Bxc6 dxc6 7. dxe5 Nf5
8. Qxd8+ Kxd8 9. Rd1+ $5 {Dieser Zug wird manchmal gespielt und hat einen
Vorteil und einen Nachteil gegenüber 9.Nc3. Der Vorteil ist, dass Schwarz
gezwungen ist, den König nach e8 zu stellen, und der Nachteil ist, dass der
Turm a1 nicht so leicht ins Spiel gebracht wird.} (9. Nc3 Bd7 (9... Ke8 {
ist natürlich auch spielbar.}) 10. h3 b6 11. b3 Kc8 12. Bb2 h5 13. Rad1 Be7 $11
{Movsesian - Leko (Sochi, 2012)}) 9... Ke8 (9... Bd7 10. g4 $1 (10. e6 $2 fxe6
11. Ne5 Nd6 12. Rxd6 Bxd6 13. Nf7+ Ke7 14. Nxh8 Rxh8 $19) 10... Nh6 11. h3 $1
$16 {Der Springer auf h6 steht sehr schlecht.}) 10. Nc3 Ne7 {Das ist eine der
vielen möglichen Aufstellungen.} 11. h3 Ng6 {Nun ist der Bauer e5 unter
Angriff genommen. Vielleicht ist jedoch 11...h6 etwas genauer, um Bg5 nicht
zuzulassen.} (11... h6 $5 12. Nd4 Ng6 13. f4 Bc5 14. Be3 h5 15. Ne4 Bxd4 16.
Rxd4 b6 $11 {Fedorchuk - Kayumov (Dubai, 2005)}) 12. Bg5 Be7 {Mehr oder
weniger erzwungen.} (12... Bd7 13. Rd2 h6 14. Rad1 $5 (14. Bh4 Bb4 15. Rad1
Nxh4 16. Rxd7 Nxf3+ 17. gxf3 Bd6 18. e6 fxe6 19. Rxg7 Be5 $11 {Korneev -
Bacrot (Corsica, 2005)}) 14... hxg5 15. Rxd7 Bd6 16. e6 Nf8 17. Rxf7 Nxe6 18.
Rf5 g6 19. Ra5 $14) 13. Bxe7 Nxe7 $2 {Dieser Zug ist unverständlich, 13...Kxe7
hat sich angeboten.} (13... Kxe7 14. Ne4 Re8 15. Re1 Kf8 16. Ng3 Be6 $11 {
Nepomniachtchi - Kurnosov (Moscow, 2010)}) 14. Nd4 (14. Ne4 $5 Bf5 (14... b6
15. Rd2 Bf5 16. Ng3 Rd8 17. Rxd8+ Kxd8 18. Rd1+ Ke8 19. Nxf5 Nxf5 20. g4 $14)
15. Nc5 b6 16. Na6 Rc8 17. Nd4 Bd7 $11) 14... h5 $4 {Schwarz muss sehr
aufmerksam spielen, ein ungenauer Zug und die Stellung kann zusammenbrechen.
In diesem Fall bricht sie zusammen - auf besonders hübsche Weise.} (14... Ng6
$5 {Das Wichtigste ist es, Weiß nicht zu f4 kommen zu lassen.} 15. Re1 Ke7 16.
Rad1 Rd8 17. Kh2 h5 $14 {Weiß hat starken Druck auf die schwarze Stellung
aufgebaut, aber Schwarz kann sich wohl halten, weil er keine Schwächen hat.})
15. Ncb5 {Etwas genauer wäre es, mit dem anderen Springer nach b5 zu gehen.} (
15. Ndb5 $18) 15... cxb5 (15... Nd5 {Schwarz hatte diese Chance, aber Weiß
sollte trotzdem gewinnen.} 16. c4 $1 a6 17. cxd5 cxb5 (17... axb5 18. dxc6 bxc6
19. Nxc6 $18) 18. Rac1 Kd8 19. e6 $18) 16. Nxb5 Bd7 (16... Nc6 17. Nxc7+ Ke7
18. Nxa8 $18 {Der Springer kehrt zurück.}) 17. Nxc7+ Kd8 18. Nxa8 Kc8 19. Rd6 {
Selbst wenn der Springer gefangen wird, hat Weiß zwei Bauern zusätzlich zu dem
Turm.} Be6 20. Rad1 Nc6 21. f4 {Wenn Schwarz nichts macht, dann wird Weiß
einfach die Bauern am Damenflügel aufrollen: a3-b4-b5 usw. Also muss Schwarz
den Springer nehmen.} Kb8 22. b4 $1 Kxa8 $2 {Verliert forciert.} (22... Rc8 $1
{war die einzige Chance, etwas weiter zu spielen.} 23. b5 Ne7 24. Rd8 Kxa8 25.
Rxc8+ Nxc8 26. a4 Kb8 $16 {Weiß hat zwar großen Vorteil, aber das Spiel ist
noch nicht aus.}) 23. b5 Nb8 24. Rd8 Rxd8 25. Rxd8 b6 (25... Bxa2 26. f5 Bc4
27. Kf2 Bxb5 28. e6 fxe6 29. fxe6 a5 30. e7 $18) 26. Rf8 $2 {Schwarz bekommt
eine weitere Chance.} (26. a4 $1 Kb7 27. Rg8 g6 28. Rg7 Nd7 29. g4 hxg4 30.
hxg4 $16) 26... g6 (26... Bxa2 $5 {Das wäre eine bessere Wahl!} 27. f5 Kb7 28.
Re8 Bc4 29. e6 fxe6 30. fxe6 Bxb5 31. Re7+ Kc8 32. Rxa7 Bc4 33. Rxg7 Bxe6 34.
Rh7 Bf5 35. Rh6 Nd7 36. c3 $16) 27. g4 hxg4 28. hxg4 Kb7 29. f5 gxf5 30. gxf5
Bc4 (30... Bxa2 31. e6 fxe6 32. Rf7+ (32. f6 Nd7 33. Rf7 Kc8 $19) 32... Kc8 33.
Rxa7 Bd5 (33... Bc4 34. f6 e5 35. f7 $18) 34. c4 (34. f6 Nd7 35. f7 Bb7 36. Kf2
$16) 34... Bxc4 35. f6 e5 36. f7 Bxf7 37. Rxf7 Nd7 38. Re7 Kc7 39. Re6 $16) 31.
a4 Nd7 32. Re8 Bd5 $2 {Wieder nicht die stärkste Fortsetzung.} (32... Nc5 $1 {
und Schwarz hätte bessere Chancen, Remis zu halten.} 33. e6 fxe6 34. f6 e5 35.
f7 Bxf7 36. Re7+ Kb8 37. Rxf7 Nxa4) 33. e6 fxe6 34. fxe6 Nc5 35. e7 Bf7 36. Rf8
Bg6 37. Rg8 Bf7 38. Rf8 Bg6 39. e8=Q Bxe8 40. Rxe8 Nxa4 41. Re7+ Kb8 42. Kf2 {
Das Endspiel ist leicht gewonnen. Es hat so lange gedauert, weil beide Spieler
wenig Zeit auf der Uhr hatten.} a6 43. bxa6 Nc5 44. a7+ Ka8 45. Ke3 Nb7 46. Kd4
Kxa7 47. Kd5 Ka6 48. c4 Na5 49. Re3 Kb7 50. Rh3 Kc7 51. Rh7+ Kc8 52. Rh3 Kc7
53. Rg3 Kb7 54. Ra3 Nc6 55. Rh3 Na5 56. Ra3 Nc6 57. Kd6 Na5 58. Ra4 Nb3 59. Ra2
Nc5 60. Re2 Nb3 61. Re7+ Ka6 62. Kd5 Na5 63. Rh7 Nb3 64. Rh3 Nc5 65. Kc6 Ka5
66. Rh5 1-0

[Event "WchT 7th"]
[Site "Bursa"]
[Date "2010.01.06"]
[Round "2.1"]
[White "Kotronias, Vasilios"]
[Black "Jakovenko, Dmitrij"]
[Result "0-1"]
[WhiteElo "2599"]
[BlackElo "2730"]
[Annotator "Kritz,L"]
[PlyCount "86"]
[EventDate "2010.01.05"]
[EventType "team-tourn"]
[EventRounds "9"]
[EventCountry "TUR"]
[SourceTitle "CBM 134"]
[Source "ChessBase"]
[SourceDate "2010.01.18"]
[SourceVersion "1"]
[SourceVersionDate "2010.01.18"]
[SourceQuality "1"]
[WhiteTeam "Greece"]
[BlackTeam "Russia"]
[WhiteTeamCountry "GRE"]
[BlackTeamCountry "RUS"]
[TimeControl "40/5400+30:1800+30"]

1. e4 e5 2. Nf3 Nc6 3. Bb5 Nf6 4. O-O Nxe4 5. d4 Nd6 6. Bxc6 dxc6 7. dxe5 Nf5
8. Qxd8+ Kxd8 9. Nc3 Ke8 ({Eine andere prinzipielle Fortsetzung ist} 9... Bd7
10. h3 (10. b3 Kc8 11. Bb2 Be7 12. Rad1 a5 $132) 10... h6 11. b3 Kc8 12. Bb2 b6
13. Rad1 Ne7 14. Rd2 c5 15. Rfd1 Be6 $132) 10. h3 h5 (10... Be7 {ist die
solideste Fortsetzung.} 11. g4 (11. Bg5 Bxg5 12. Nxg5 h6 $1 {Es is wichtig,
den gegnerischen Springer gleich zu vertreiben.} 13. Nf3 (13. Nge4 b6 14. Rfd1
Ke7 15. Kh2 h5 16. Ne2 Re8 17. Nf4 Kf8 18. Nxh5 Rxe5 19. Nhg3 Be6 20. Rd2 {
1/2-1/2 Anand - Kramnik (Leon, 2002). Ich denke, Schwarz steht sogar etwas
besser hier. Der weiße h-Bauer ist sehr weit von dem kritischen Feld h8
entfernt, während die schwarzen Türme mit dem Läufer am Damenflügel für einige
Unannehmlichkeiten sorgen könnten.}) 13... h5 14. Rad1 (14. Ne2 Ke7 15. Nf4 g6
$1 16. Rad1 Ng7 17. Rfe1 Rd8 18. Rxd8 Kxd8 19. Ng5 Ke7 20. Rd1 a5 21. a4 Bf5
$132 {Timman - Kritz (Amsterdam, 2002)}) 14... Ke7 15. Ng5 Be6 16. Nxe6 fxe6
17. Rd3 Rad8 18. Rfd1 Rxd3 19. Rxd3 h4 $11 {Shirov - Alekseev (Moscow, 2008).
Wie üblich in dieser Stellung: der schwarze Bauer h4 neutralisiert die weiße
Überlegenheit am Königsflügel und die Stellung ist ausgeglichen.}) 11... Nh4
12. Nxh4 Bxh4 13. Kg2 h5 14. f3 Be6 ({Eine andere Verteidigungsmethode ist} 
14... a5 {um die weißen Bauern zu zwingen, weiße Felder einzunehmen.} 15. a4 b6
16. Rd1 Be7 17. Ne2 Bd7 18. Bf4 c5 19. Bg3 Rd8 20. c4 Bc8 21. b3 Rxd1 22. Rxd1
hxg4 23. hxg4 Bd8 $14 {Kotronias - Kritz (Port Erin, 2007). Weiß hat einen
symbolischen Vorteil und Schwarz muss die ganze Partie leiden, doch bei
korrekter Verteidigung kann man Remis halten. Es ist jedoch zu empfehlen, wie
Wang Yue gegen Adams zu spielen - dort ist es einfacher, das Remis zu
erreichen.}) 15. Be3 Be7 $11 {Wie die letzten Analysen zeigen, ist die
Stellung ausgeglichen.}) (10... Ne7 {Zuletzt hat dieser Zug wieder an
Popularität gewonnen, aber ich verstehe nicht, warum. Das ist eine
verschlechterte Version der 10....Be7-Variante - Schwarz steht ebenfalls
passiv, gibt dabei Weiß Chancen zu spielen. Dagegen bringt 10....Be7 die
Partie bei normalem Spielverlauf zum unausweichlichen Remisresultat.} 11. Ne4
Ng6 12. Re1 h6 13. Bd2 $14 {Weiß hat sich entwickelt, Schwarz steht immer noch
auf der Grundreihe.}) 11. Rd1 $2 {Dieser Turm hat nichts zu suchen auf der
d-Linie. Schwarz bekommt so viel Zeit wie er will, um seine Pläne zu
realisieren.} (11. Bg5 {Der logische Versuch, die Schwächung des Feldes g5
auszunutzen.} Be6 (11... Be7 {ist ebenfalls gut spielbar} 12. Ne2 Be6 13. Nf4
Bd5 14. Bxe7 Kxe7 15. Ng5 Nd4 16. Rfd1 Ne6 $1 (16... Nxc2 17. Nxd5+ cxd5 18.
Rac1 $1 $18) 17. Ngxe6 Bxe6 18. h4 Rad8 19. f3 g6 20. Kf2 Bf5 21. c3 f6 22.
exf6+ Kxf6 $11 {1/2-1/2 Hracek,Z (2629)-Kholmov,R (2464)/Pardubice CZE 1999 
(37)}) 12. Rad1 Be7 13. Rd2 Rd8 $1 {Korrekte Entscheidung! Schwarz muss so
schnell wie möglich den Druck der weißen Türme auf der d-Linie neutralisieren.}
(13... Bxg5 14. Nxg5 Rd8 (14... h4 15. Rfd1 $14) 15. Rxd8+ Kxd8 16. Nxe6+ fxe6
17. g3 $1 $14 {Weiß hat h4 verhindert und damit die Beweglichkeit seiner
Bauernstruktur beibehalten. Das garantiert ihm einen kleinen Vorteil.}) 14.
Rfd1 Rxd2 15. Rxd2 h4 $1 $11 {Leko - Alekseev (Elista, 2008). Damit ist der
Königsflügel zugemacht und der weiße Mehrbauer praktisch neutralisiert.}) ({
Wenig bringt} 11. Ne2 Be6 12. Nf4 Bd5 $1 {Schwarz bekommt eine problemlose
Stellung.} 13. Nxd5 (13. Ng5 Be7 $15) 13... cxd5 14. Bf4 c6 15. g3 Be7 16. Rfe1
Rg8 17. g4 hxg4 18. hxg4 Nh6 19. Nh2 g5 20. Be3 Kd7 21. Rad1 Ke6 $132 {Bruzon
- Miles (Varadero, 2000)}) 11... Be7 {Ein sicherer Zug.} ({Auch} 11... h4 {
sieht nicht schlecht aus.} 12. Bg5 Be7 13. Rd2 Be6 14. Rad1 Rh5 15. Bxe7 Nxe7
$132) 12. Ne2 {Die Überführung des Springers über e2 bringt wie immer nichts.
Man hätte besser zurück zu klassischen Stellungen kommen sollen.} (12. g3 Be6
13. Ng5 Rd8 14. Rxd8+ Bxd8 15. Nxe6 fxe6 16. Ne2 g5 17. Bd2 c5 18. Bc3 c4 $11 {
Inarkiev - Smirnov (Dagomys, 2009)}) (12. Bg5 Be6 13. Rd2 Rd8 $11) 12... Nh4
13. Nxh4 Bxh4 {Die Stellung mit dem Läuferpaar kann Schwarz theoretisch nicht
verlieren, besonders wenn der Bauer schon auf h5 steht und g4 verhindert ist.}
14. Bf4 Be7 (14... Be6 {ist ebenfalls nicht schlimm, aber wozu auf zwei
Ergebnisse spiele, wenn man kostenlos Gegenchancen haben kann?} 15. Nd4 $14 {
Nach dem Nehmen auf e6 wird Weiß einen symbolischen Vorteil haben, das
Endspiel ist jedoch sehr remislich.}) 15. Rd3 $6 {Eine misslungene Provokation.
} (15. Nd4 a6 {Typische Reaktion, wenn man c5 vorbereiten will.} (15... c5 16.
Nb5 Bd8 17. e6 Bxe6 18. Bxc7 $14) 16. e6 (16. c4 c5 17. Nf3 Bf5 $15) 16... Bd6
$1 (16... Bxe6 17. Nxe6 fxe6 18. Bxc7 Rc8 19. Be5 Bf6 20. Bxf6 gxf6 21. Rd6 Ke7
22. Rad1 Rc7 $11) 17. exf7+ Kxf7 $132) 15... Bf5 16. Rb3 $2 {Man sollte sich
besser zurückziehen. Es ist offensichtlich, dass solche Ideen zu nichts Gutem
führen können.} (16. Rd2 Rd8 17. Nd4 Bh7 18. Rad1 $11) 16... Bc5 $1 {Widerlegt
die weißen Pläne.} (16... b6 $2 17. Nd4 Bd7 18. a4 a5 19. e6 fxe6 20. Bxc7 $16)
17. a4 (17. Rxb7 Bb6 {/\Bc8} 18. e6 Kd8 $3 {Das ist vermutlich der Zug, den
Weiß übersehen hatte.} (18... Bxe6 19. Bxc7 Bc8 20. Rb8 Rxb8 21. Bxb8 $16) 19.
exf7 Rf8 $17 {gefolgt von Kc8 oder zuerst Rxf7 und dann Kc8.}) 17... b6 $15 {
Nun ist das Feld d4 unter Kontrolle, Schwarz steht schon mit großem Vorteil da.
} 18. Rg3 Rg8 (18... h4 {führt auch zu gutem Spiel für Schwarz.} 19. Rxg7 Kf8
20. Rg5 Bxc2 $15) 19. Be3 Be7 {Besser wäre wohl das Nehmen und Erobern der
d-Linie.} (19... Bxe3 $5 20. Rxe3 Rd8 21. c3 c5 $15) 20. a5 {Weiß zieht die
ganze Zeit daneben. Er musste sich konsolidieren:} (20. Nd4 Bd7 21. Bf4 (21.
Bg5 $4 h4 $19) 21... g5 22. h4 $1 g4 23. Rc3 c5 24. Nb5 Bxb5 25. axb5 Bxh4 26.
Rca3 $14) 20... Rc8 21. axb6 axb6 {Die Aufgabe der a-Linie ist nicht schlimm -
Weiß kann damit nichts anfangen.} 22. Bg5 $2 {Strategische Aufgabe. Wieder war
Nd4 besser.} (22. Nd4 Be4 23. Bg5 c5 24. Nb5 $11 {Der Bauer c2 ist wegen der
Drohung Nxc7-Ra8+ unantastbar.}) 22... Bxc2 23. Bxe7 Kxe7 24. Rc3 Be4 25. Ng3
Bd5 26. Nxh5 $17 {Diese Stellung entstand forciert als Folge des 22. Zuges von
Weiß. Schwarz hat den besseren König im Endspiel, und der Läufer ist in
solchen Stellungen natürlich viel stärker als der Springer.} c5 {Man muss sein
Spiel spielen - in diesem Fall muss Schwarz seine Bauern am Damenflügel nach
vorne bringen.} 27. g4 {Weiß beschäftigt sich mit demselben.} Ra8 28. Rxa8 Bxa8
29. b4 $2 {Weiss hilft Schwarz, einen Freibauern zu organisieren. Stattdessen
hätte er besser seinen König ins Zentrum gebracht oder f4 gespielt.} (29. f4 g6
30. Nf6 Rd8 31. b4 $1 {Jetzt ist es eine andere Sache - Weiß hat seine Figuren
aktiviert.} Ke6 (31... cxb4 32. Rxc7+ Ke6 33. Kf2 $13) 32. bxc5 b5 33. Kf2 $13)
29... Ke6 30. bxc5 b5 31. c6 (31. f4 Kd5 $19 {Im Vergleich zu 29.f4 steht der
weiße Springer immer noch am Rand, der weiße König auch, dafür dominiert sein
schwarzer Kollege das Zentrum.}) 31... Kd5 32. Rf3 b4 33. Rxf7 b3 $19 {Weiß
hat keine Chance, den schwarzen Bauer aufzuhalten.} 34. Nf4+ Kc4 35. Rd7 b2 36.
Rd1 Rb8 37. Rb1 Bxc6 38. Ne6 Be4 39. Rxb2 Rxb2 40. Nxg7 c5 41. f4 Kd3 42. e6 c4
43. e7 Bc6 0-1

[Event "Elista FIDE GP"]
[Site "Elista"]
[Date "2008.12.27"]
[Round "12"]
[White "Leko, Peter"]
[Black "Alekseev, Evgeny V"]
[Result "1/2-1/2"]
[WhiteElo "2747"]
[BlackElo "2715"]
[Annotator "Kritz,L"]
[PlyCount "56"]
[EventDate "2008.12.14"]
[EventType "tourn"]
[EventRounds "13"]
[EventCountry "RUS"]
[EventCategory "19"]
[SourceTitle "CBM 128"]
[Source "ChessBase"]
[SourceDate "2009.01.28"]
[SourceVersion "1"]
[SourceVersionDate "2009.01.28"]
[SourceQuality "1"]

1. e4 e5 2. Nf3 Nc6 3. Bb5 Nf6 4. O-O Nxe4 5. d4 Nd6 6. Bxc6 dxc6 7. dxe5 Nf5
8. Qxd8+ Kxd8 9. Nc3 Ke8 {Die "Neutralisierungsvariante". Schwarz stellt sich
passiv hin, baut jedoch eine unantastbare Festung auf. Auf Gewinn kann man
diese Variante leider nicht spielen, im Remissinne ist sie jedoch ideal.} ({
Die andere prinzipielle Fortsetzung ist} 9... Bd7 10. h3 (10. b3 Kc8 11. Bb2
Be7 12. Rad1 a5 $132) 10... h6 11. b3 Kc8 12. Bb2 b6 13. Rad1 Ne7 14. Rd2 c5
15. Rfd1 Be6 $132) 10. h3 h5 $5 (10... Be7 {ist die solidste Fortsetzung.} 11.
g4 (11. Bg5 Bxg5 12. Nxg5 h6 $1 {Es is wichtig, den gegnerischen Springer
gleich zu vertreiben.} 13. Nf3 (13. Nge4 b6 14. Rfd1 Ke7 15. Kh2 h5 16. Ne2 Re8
17. Nf4 Kf8 18. Nxh5 Rxe5 19. Nhg3 Be6 20. Rd2 {1/2-1/2 Anand - Kramnik (Leon,
2002). Ich denke, Schwarz steht sogar etwas besser hier. Der weiße h-Bauer ist
sehr weit von dem kritischen Feld h8 entfernt, während die schwarzen Türme mit
dem Läufer am Damenflügel für einige Unannehmlichkeiten sorgen könnten.}) 13...
h5 14. Rad1 (14. Ne2 Ke7 15. Nf4 g6 $1 16. Rad1 Ng7 17. Rfe1 Rd8 18. Rxd8 Kxd8
19. Ng5 Ke7 20. Rd1 a5 21. a4 Bf5 $132 {Timman - Kritz (Amsterdam, 2002)})
14... Ke7 15. Ng5 Be6 16. Nxe6 fxe6 17. Rd3 Rad8 18. Rfd1 Rxd3 19. Rxd3 h4 $11
{Shirov - Alekseev (Moscow, 2008). Wie üblich in dieser Stellung: Der schwarze
Bauer h4 neutralisiert die weiße Überlegenheit am Königsflügel und die
Stellung ist ausgeglichen.}) 11... Nh4 12. Nxh4 Bxh4 13. Kg2 h5 14. f3 Be6 ({
Die andere Verteidigungsmethode ist} 14... a5 {um die weißen Bauern zu zwingen,
weiße Felder einzunehmen.} 15. a4 b6 16. Rd1 Be7 17. Ne2 Bd7 18. Bf4 c5 19. Bg3
Rd8 20. c4 Bc8 21. b3 Rxd1 22. Rxd1 hxg4 23. hxg4 Bd8 $14 {Kotronias - Kritz 
(Port Erin, 2007). Weiß hat einen symbolischen Vorteil, und Schwarz muss die
ganze Partie leiden, doch bei korrekter Verteidigung kann man Remis halten. Es
ist jedoch zu empfehlen, wie Wang Yue gegen Adams zu spielen - dort ist es
einfacher, das Remis zu erreichen.}) 15. Be3 Be7 $11 {Wie die letzten Analysen
zeigen, ist die Stellung ausgeglichen.}) (10... Ne7 {Zuletzt hat dieser Zug
wieder an Popularität gewonnen, aber ich verstehe nicht warum. Das ist eine
verschlechterte Version der 10...Be7-Variante - Schwarz steht ebenfalls passiv,
gibt dabei Weiß Chancen zu spielen. Dagegen bringt 10....Be7 die Partie bei
normalem Spielverlauf zum unausweichlichen Remisresultat.} 11. Ne4 Ng6 12. Re1
h6 13. Bd2 $14 {Weiß hat sich entwickelt, Schwarz steht immer noch auf der
Grundreihe.}) 11. Bg5 {Der logische Versuch, die Schwächung des Feldes g5
auszunutzen.} ({Wenig bringt} 11. Ne2 Be6 12. Nf4 Bd5 $1 {Schwarz bekommt eine
problemlose Stellung.} 13. Nxd5 (13. Ng5 Be7 $15) 13... cxd5 14. Bf4 c6 15. g3
Be7 16. Rfe1 Rg8 17. g4 hxg4 18. hxg4 Nh6 19. Nh2 g5 20. Be3 Kd7 21. Rad1 Ke6
$132 {Bruzon - Miles (Varadero, 2000)}) 11... Be6 (11... Be7 {ist ebenfalls
gut spielbar} 12. Ne2 Be6 13. Nf4 Bd5 14. Bxe7 Kxe7 15. Ng5 Nd4 16. Rfd1 Ne6 $1
(16... Nxc2 17. Nxd5+ cxd5 18. Rac1 $1 $18) 17. Ngxe6 Bxe6 18. h4 Rad8 19. f3
g6 20. Kf2 Bf5 21. c3 f6 22. exf6+ Kxf6 $11 {1/2-1/2 Hracek,Z (2629)-Kholmov,R
(2464)/Pardubice CZE 1999 (37)}) 12. Rad1 Be7 13. Rd2 Rd8 $1 {Korrekte
Entscheidung! Schwarz muss so schnell wie möglich den Druck der weißen Türme
auf der d-Linie neutralisieren.} (13... Bxg5 14. Nxg5 Rd8 (14... h4 15. Rfd1
$14) 15. Rxd8+ Kxd8 16. Nxe6+ fxe6 17. g3 $1 $14 {Weiß hat h4 verhindert und
damit die Beweglichkeit seiner Bauernstruktur beibehalten. Das garantiert ihm
einen kleinen Vorteil.}) 14. Rfd1 Rxd2 15. Rxd2 h4 $1 {Damit ist der
Königsflügel zugemacht und der weiße Mehrbauer praktisch neutralisiert.} 16.
Bxe7 Nxe7 17. Ng5 Bc8 ({Auch die Stellung nach} 17... Nf5 18. Nxe6 fxe6 19. Ne4
b6 20. Ng5 Ke7 $11 {ist ausgeglichen.}) 18. f4 Nf5 $11 {Totaler Ausgleich.
Weiß hat nicht mal den Ansatz auf einen Vorteil. Der Königsflügel ist völlig
blockiert, und am Damenflügel hat Schwarz einen Bauern mehr.} 19. Kf2 Ke7 20.
Nd1 b6 21. Ne3 a5 22. Nxf5+ Bxf5 23. Ke3 Rh6 24. Nf3 c5 {Mit dem weißfeldrigen
Läufer ist es immer richtig, die Bauern so aufzustellen. Die einzige Chance
von Weiß würde darin bestehen, den Springer nach d5 zu bringen. Doch der Weg
ist zu lang - Schwarz startet dann ein Gegenspiel mittels Rg6-Rg3.} 25. Ng5 Rh8
26. Nf3 Rh6 27. Ng5 Rh8 28. Nf3 Rh6 {Es ist bewundernswert, wie leicht Schwarz
in dieser Nebenvariante ausgeglichen hat.} 1/2-1/2